000 00670nam a2200193 i 4500
001 139742
003 ES-MaACL
005 20250828143532.0
007 t|
008 070214s1928 sp r ||||1| spa d
100 1 _aSchnee, Heinrich.
_9104546
245 1 3 _aLa colonización alemana, el pasado y el futuro :
_bla verdad sobre las colonias alemanas /
_cHeinrich Schnee ; prólogo de José Vasconcelos.
260 _aMadrid :
_bInternacional,
_c1928.
300 _a160 p., [16] p. de lám. :
_bil. ;
_c22 cm.
651 4 _aAlemania-
_xColonias.
_9164425
700 1 _aVasconcelos, José,
_d1881-1959
_9113268
852 _aES-MaACL
_jB-3502
999 _c139742
_d139742